Biggest City in each U.S. State by Letter G - Statistics

General Stats
  • This quiz has been taken 794 times
  • The average score is 10 of 15
Answer Stats
State Population City % Correct
North Carolina 269.666 Greensboro
89%
Michigan 188.040 Grand Rapids
87%
Arizona 226.721 Glendale
78%
California 191.719 Glendale
78%
Wisconsin 104.057 Green Bay
78%
Indiana 80.294 Gary
73%
Florida 133.857 Gainesville
68%
South Carolina 58.409 Greenville
68%
Texas 226.876 Garland
62%
Montana 58.505 Great Falls
58%
Mississippi 67.793 Gulfport
57%
North Dakota 52.838 Grand Forks
54%
Colorado 92.889 Greeley
52%
Oregon 105.594 Gresham
49%
Maryland 59.933 Gaithersburg
37%
No matching quizzes found
Score Distribution
Percent of People with Each Score
Percentile by Number Answered
Your Score History
You have not taken this quiz